Infecciones propias de la mujer (Registro nro. 20566)

Detalles MARC
000 -CABECERA
Longitud fija campo de control 01154nam a2200217 a 4500
003 - • IDENTIFICADOR DELl NÚMERO DE CONTROL
Identificador del número de control CO-ViMGA
008 - • CÓDIGOS DE INFORMACIÓN DE LONGITUD FIJA
Códigos de información de longitud fija 141112s2004 ck r 000 u spa d
040 ## - FUENTE DE LA CATALOGACIÓN
Centro catalogador de origen CO-ViMGA
Lengua de catalogación spa
Centro transcriptor CO-ViMGA
082 04 - • NÚMERO DE LA CLASIFICACIÓN DECIMAL DEWEY
Número de clasificación (R) 617.072 A483i
100 1# - • PUNTO DE ACCESO PRINCIPAL-NOMBRE DE PERSONA
Nombre de persona Agudelo Ayerbe, Alejandro; Montoya, Jose Gilberto
245 10 - • TITULO PROPIAMENTE DICHO
Título Infecciones propias de la mujer
300 ## - • DESCRIPCIÓN FÍSICA
Extensión 330.p.
505 ## - • NOTA DE CONTENIDO CON FORMATO
Nota de contenido con formato Flora vaginal residente Vaginosis bacteriana Candidiasis vulvovaginal Tricomoniasis Cervicitis Clamidia Gonococo Enfermedad pelvica inflamatoria Papilomavirus genital Herpes virus Infeccion urinaria en la mujer Lúes VIH / SIDA Fisiopatología de las infecciones perinatales Toxoplasmosis Varicela Rubeola Citomegalovirus Hepatitis Malaria Tetanos Listeria Vacunación durante el embarazo Estreptococo del grupo B Infección puerperal Infección de la herida Quirurgica Infección intraamniótica Aborto septico Antibióticos en la mujer
650 14 - • PUNTO DE ACCESO ADICIONAL DE MATERIA - TÉRMINO DE MATERIA
Término de materia o nombre geográfico como elemento inicial GINECOLOGIA
650 14 - • PUNTO DE ACCESO ADICIONAL DE MATERIA - TÉRMINO DE MATERIA
Término de materia o nombre geográfico como elemento inicial INFECCIONES - MUJER
650 14 - • PUNTO DE ACCESO ADICIONAL DE MATERIA - TÉRMINO DE MATERIA
Término de materia o nombre geográfico como elemento inicial MUJERES Y ENFERMEDADES
650 14 - • PUNTO DE ACCESO ADICIONAL DE MATERIA - TÉRMINO DE MATERIA
Término de materia o nombre geográfico como elemento inicial TRATAMIENTO DE INFECCIONES
942 ## - ENTRADA DE ELEMENTOS AGREGADOS (KOHA)
Fuente de clasificaión o esquema Dewey Decimal Classification
Koha [por defecto] tipo de item LIbro
Existencias
Perdido Fuente de clasificación o esquema Estado Físico No para préstamo Forma de adquisición Localización permanente Localización actual Fecha adquisición Serie de enumeración / cronolog&íacute;a Préstamos totales Signatura completa Código de barras Fecha última consulta Número de copia Fecha del precio de reemplazo Tipo de item de Koha
  Dewey Decimal Classification     Sala Especializada Tercer Piso Biblioteca Pública Germán Arciniegas - Villavicencio Biblioteca Pública Germán Arciniegas - Villavicencio 12/04/2015 Volumen. 1 | 11/jun/2009   617.072 A483i 8993 02/08/2019 Ej. 1 12/04/2015 LIbro









Instituto Departamental de Cultura del Meta - Red Departamental de Bibliotecas Públicas del Meta.